BSOP header

Care and cure of the soul {ch} : (Record no. 33428)

MARC details
000 -LEADER
fixed length control field 00937nam a2200229 4500
008 - FIXED-LENGTH DATA ELEMENTS--GENERAL INFORMATION
fixed length control field 090626s2002 hk b 000 0 chi d
020 ## - INTERNATIONAL STANDARD BOOK NUMBER
International Standard Book Number 9627997501 :Php500.00/gift :Eugene & Anita Choi
090 ## - LOCALLY ASSIGNED LC-TYPE CALL NUMBER (OCLC); LOCAL CALL NUMBER (OCLC)
Classification number (OCLC) (R) ; Classification number, CALL (RLIN) (NR) BV4012.2
Local cutter number (OCLC) ; Book number/undivided call number, CALL (RLIN) L51c
-- c.2
100 1# - MAIN ENTRY--PERSONAL NAME
Personal name Lee, Simon Y.
245 10 - TITLE STATEMENT
Title Care and cure of the soul {ch} :
Remainder of title integrating psychological counseling and spiritual direction /
Statement of responsibility, etc Simon Y. Lee.
260 ## - PUBLICATION, DISTRIBUTION, ETC. (IMPRINT)
Place of publication, distribution, etc Xianggang :
Name of publisher, distributor, etc Jian dao shen xue yuan,
Date of publication, distribution, etc 2002.
300 ## - PHYSICAL DESCRIPTION
Extent xix, 173 p. ;
Dimensions 23 cm.
490 1# - SERIES STATEMENT
Series statement Jiao mu shen xue yan jiu xi lie.
490 1# - SERIES STATEMENT
Series statement Pastoral theological research series.
504 ## - BIBLIOGRAPHY, ETC. NOTE
Bibliography, etc Can kao wen xian (p. [167]-173).
650 #4 - SUBJECT ADDED ENTRY--TOPICAL TERM
Topical term or geographic name as entry element Pastoral counseling {ch}.
650 #4 - SUBJECT ADDED ENTRY--TOPICAL TERM
Topical term or geographic name as entry element Spiritual direction {ch}.
951 ## - EQUIVALENCE OR CROSS-REFERENCE-GEOGRAPHIC NAME/AREA NAME [OBSOLETE] [CAN/MARC only]
General subdivision 00038276
700 1# - ADDED ENTRY--PERSONAL NAME
Personal name Li, Yaoquan.
740 02 - ADDED ENTRY--UNCONTROLLED RELATED/ANALYTICAL TITLE
Uncontrolled related/analytical title Xin ling fu dao : xin li fu dao yu shu ling dao yin de zheng he / Li Yaoquan zhu.
951 ## - EQUIVALENCE OR CROSS-REFERENCE-GEOGRAPHIC NAME/AREA NAME [OBSOLETE] [CAN/MARC only]
-- C-9420
-- CHBV4012.2/L51c/c.2
-- 090626165054812
-- 2000-12-21
-- CH
Holdings
Withdrawn status Lost status Damaged status Not for loan Home library Current library Shelving location Date acquired Accession number Shelving control number Total Checkouts Full call number Barcode Date last seen Price effective from Koha item type
        BSOP Library BSOP Library Chinese Books (General Circulation) 12/21/2000 C-9420 127   CHBV4012.2/L51c/c.2 00038276 02/23/2013 02/23/2013 Books
BSOP

Biblical Seminary of the Philippines
  All rights Reserved
  © 2024

CONTACT INFORMATION

Biblical Seminary of the Philippines,
  77-B Karuhatan Road, Valenzuela City,
  PHILIPPINES 1441
  Phone: +632 8292-6795 / 8292-6798
  Fax : +632 8292-6675
  Email: library@bsop.edu.ph